| 000 | 00416 a2200169 4500 | ||
|---|---|---|---|
| 001 | 46015 | ||
| 020 | _a9788574064611 | ||
| 041 | _apor | ||
| 090 | _aYear 3 028 | ||
| 250 | _a. ed. | ||
| 856 | _u000010/00001020.jpg | ||
| 040 |
_aBR-BrIDEA _cBR-BrIDEA |
||
| 100 |
_aGaarder, Jostein _d1952 |
||
| 245 | 1 | 0 |
_aJuca e os anões amarelos _c Jostei Gaarder |
| 260 |
_a[S.l.] _bCompanhia das Letrinhas _c2011 |
||
| 942 | _cBK | ||
| 999 |
_c46015 _d46015 |
||